Pharmacology for nursing practice / (Record no. 10770)

MARC details
000 -LEADER
fixed length control field 00769nam a22002417i 4500
003 - CONTROL NUMBER IDENTIFIER
control field URS
005 - DATE AND TIME OF LATEST TRANSACTION
control field 20250819163705.0
008 - FIXED-LENGTH DATA ELEMENTS--GENERAL INFORMATION
fixed length control field 160913b xxu||||| |||| 00| 0 eng d
020 ## - INTERNATIONAL STANDARD BOOK NUMBER
International Standard Book Number 9812593454
040 ## - CATALOGING SOURCE
Description conventions rda
Transcribing agency URS
Language of cataloging English
050 ## - LIBRARY OF CONGRESS CALL NUMBER
Classification number RM301
Item number .G985 2003
100 ## - MAIN ENTRY--PERSONAL NAME
Personal name Gutierrez, Kathleen.,
Relator term author.
9 (RLIN) 1140
245 ## - TITLE STATEMENT
Title Pharmacology for nursing practice /
Statement of responsibility, etc Kathleen Gutierrez, Sherry F. Queener.
264 #1 - PUBLICATION, DISTRIBUTION, ETC. (IMPRINT)
Place of publication, distribution, etc Singapore :
Name of publisher, distributor, etc Elsevier Singapore Pte., Limited,
Date of publication, distribution, etc ©2003.
300 ## - PHYSICAL DESCRIPTION
Extent xxiii, 1222 pages ;
Dimensions 26 cm.
336 ## - CONTENT TYPE
Content type term text
Content type code txt
Source rdacontent
337 ## - MEDIA TYPE
Media type term unmediated
Media type code n
Source rdamedia
338 ## - CARRIER TYPE
Carrier type term volume
Carrier type code nc
Source rdacarrier
500 ## - GENERAL NOTE
General note Includes index.
650 #0 - SUBJECT ADDED ENTRY--TOPICAL TERM
Topical term or geographic name as entry element Pharmacology.
9 (RLIN) 1125
700 ## - ADDED ENTRY--PERSONAL NAME
Personal name Queener, Sherry F.,
9 (RLIN) 1141
Relator term author.
942 ## - ADDED ENTRY ELEMENTS (KOHA)
Source of classification or shelving scheme Library of Congress Classification
Koha item type Foreign Books
Holdings
Withdrawn status Lost status Source of classification or shelving scheme Damaged status Not for loan Collection code Home library Current library Shelving location Date acquired Source of acquisition Total Checkouts Full call number Barcode Date last seen Copy number Koha item type Date checked out
    Library of Congress Classification     Non-fiction Taytay College Library Taytay College Library Nursing Collection 11/10/2009 Purchased   RM301 .G985 2003 URSTAY-2596 06/04/2025 1 Foreign Books  
    Library of Congress Classification     Non-fiction Taytay College Library Taytay College Library Nursing Collection 08/23/2023 Purchased 1 RM301 .G985 2003 URSTAY-2597 06/04/2025 2 Foreign Books 08/16/2023
    Library of Congress Classification     Non-fiction Taytay College Library Taytay College Library Nursing Collection 11/10/2009 Purchased   RM301 .G985 2003 URSTAY-2598 06/04/2025 3 Foreign Books  
    Library of Congress Classification     Non-fiction Taytay College Library Taytay College Library Nursing Collection 11/10/2009 Purchased   RM301 .G985 2003 URSTAY-2599 06/04/2025 4 Foreign Books  

University of Rizal System
Email us at univlibservices@urs.edu.ph

Visit our Website www.urs.edu.ph/library